000 00430nam a22001697a 4500
003 BD-ChCU
005 20260506125850.0
008 260506b bg ||||| |||| 00| 0 ben d
040 _cBD-ChCU
082 _a909.9 TOS
100 _aToynbee , Arnold J.
_922522
245 _aA study of history ./
_cArnold J . Toynbee .
250 _a2nd ed.
260 _aLondon :
_bO.U.P.
_cC 1948
300 _aV. 1 - 6.
942 _2ddc
_cBK
_n0
999 _c112739
_d112739